000 00653nam a2200277Ia 4500
005 20260324130606.0
008 008 260324s9999 xx 000 0 eng d
020 _a9780429234057
037 _aEBOOK
040 _aCRL
040 _beng
040 _cCRL
041 _2eng
041 _aeng
084 _qCRL
100 _aKurt Dopfer; Jason Potts
_91182360
245 4 _aThe General Theory of Economic Evolution
260 _bTaylor and Francis
260 _c2007
365 _a
365 _b300
856 _uhttp://www.taylorfrancis.com/books/9780429234057
942 _cEBOOK
999 _c1778664
_d1778664